[Event "Lichtenrader Herbst 2019"]
[Site "Berlin"]
[Date "2019.10.18"]
[Round "7.5"]
[White "Nohr, Jonas"]
[Black "Schnabel, Ralf"]
[Result "0-1"]
[WhiteElo "2124"]
[BlackElo "2235"]
[Annotator "NA"]
[PlyCount "100"]
[EventDate "2019.10.12"]
[EventType "swiss"]
[EventCountry "GER"]
[SourceTitle "playchess.com"]
[Source "ChessBase"]
[SourceQuality "1"]
[TimeControl "40/5400+30:1800+30"]

1. d4 {[%emt 0:00:00]} d5 {[%emt 0:01:52]} 2. Bf4 {[%emt 0:00:00]} c5 {[%emt 0:01:18]} 3. e3 {[%emt 0:01:45]} Nc6 {[%emt 0:00:06]} 4. c3 {[%emt 0:00:34]} Qb6 {[%emt 0:02:52]} 5. Qb3 {[%emt 0:01:41]} c4 {[%emt 0:01:02]} 6. Qc2 {[%emt 0:00:59]} Bf5 {[%emt 0:01:40]} 7. Qxf5 {[%emt 0:03:03]} Qxb2 {[%emt 0:00:26]} 8. Qxd5 {[%emt 0:00:17]} Qxa1 {[%emt 0:19:01]} 9. Qb5 {[%emt 0:00:19]} O-O-O {[%emt 0:00:25]} 10. Bxc4 {[%emt 0:05:30]} e5 {[%emt 0:02:18]} 11. Bg3 {[%emt 0:10:45]} Bb4 {[%emt 0:03:35]} 12. Bd3 {[%emt 0:06:24]} Bxc3+ {[%emt 0:02:28]} 13. Kd1 {[%emt 0:02:28]} Bxd4 {[%emt 0:21:08]} 14. Nf3 {[%emt 0:05:30]} Bc3 {[%emt 0:06:26]} 15. Ke2 {[%emt 0:02:09]} Qxa2+ {[%emt 0:04:45]} 16. Nbd2 {[%emt 0:01:39]} Bxd2 {[%emt 0:17:07]} 17. Nxd2 {[%emt 0:02:58]} Qd5 {[%emt 0:00:27]} 18. Bf5+ {[%emt 0:01:01]} Kb8 {[%emt 0:01:48]} 19. Qb2 {[%emt 0:00:49]} Nge7 {[%emt 0:00:48]} 20. Be4 {[%emt 0:01:19]} Qxd2+ {[%emt 0:01:18]} 21. Qxd2 {[%emt 0:00:07]} Rxd2+ {[%emt 0:00:02]} 22. Kxd2 {[%emt 0:00:06]} f5 {[%emt 0:04:01]} 23. Bc2 {[%emt 0:00:22]} b5 {[%emt 0:00:35]} 24. Rb1 {[%emt 0:01:00]} a6 {[%emt 0:00:06]} 25. f3 {[%emt 0:01:22]} Kb7 {[%emt 0:00:37]} 26. Be1 {[%emt 0:00:50]} g6 {[%emt 0:01:04]} 27. g4 {[%emt 0:00:32]} Rd8+ {[%emt 0:01:38]} 28. Ke2 {[%emt 0:00:13]} Kb6 {[%emt 0:01:04]} 29. gxf5 {[%emt 0:00:46]} gxf5 {[%emt 0:00:02]} 30. Bh4 {[%emt 0:00:07]} Rg8 {[%emt 0:01:10]} 31. Bg3 {[%emt 0:01:31]} f4 {[%emt 0:01:55]} 32. Bf2 {[%emt 0:01:11]} fxe3 {[%emt 0:01:21]} 33. Bxe3+ {[%emt 0:00:13]} Nd4+ {[%emt 0:00:03]} 34. Kf2 {[%emt 0:00:27]} Nd5 {[%emt 0:01:19]} 35. Bxh7 {[%emt 0:01:54]} Rh8 {[%emt 0:00:15]} 36. Bxd4+ {[%emt 0:01:43]} exd4 {[%emt 0:00:08]} 37. Be4 {[%emt 0:00:14]} Nc3 {[%emt 0:00:34]} 38. Rh1 {[%emt 0:00:12]} Nxe4+ {[%emt 0:01:03]} 39. fxe4 {[%emt 0:00:05]} Rh3 {[%emt 0:00:28]} 40. Kg2 {[%emt 0:02:20]} Re3 {[%emt 0:00:05]} 41. h4 {[%emt 0:30:05]} Rxe4 {[%emt 0:30:02]} 42. h5 {[%emt 0:00:18]} Re8 {[%emt 0:00:00]} 43. Kf3 {[%emt 0:00:00]} b4 {[%emt 0:00:00]} 44. h6 {[%emt 0:00:00]} d3 {[%emt 0:00:00]} 45. Rd1 {[%emt 0:00:00]} Rh8 {[%emt 0:00:00]} 46. Rh1 {[%emt 0:00:00]} Re8 {[%emt 0:00:00]} 47. Rd1 {[%emt 0:00:00]} Re6 {[%emt 0:00:00]} 48. Rh1 {[%emt 0:00:00]} d2 {[%emt 0:00:00]} 49. h7 {[%emt 0:00:00]} Re8 {[%emt 0:00:00]} 50. Kf4 {[%emt 0:00:00]} Rh8 {[%emt 0:00:00]} 0-1

[Event "Lichtenrader Herbst 2019"]
[Site "Berlin"]
[Date "2019.10.18"]
[Round "7.6"]
[White "Polatel, Ali"]
[Black "Petersen, Marcel"]
[Result "1-0"]
[WhiteElo "2235"]
[BlackElo "1818"]
[Annotator "NA"]
[PlyCount "81"]
[EventDate "2019.10.12"]
[EventType "swiss"]
[EventCountry "GER"]
[SourceTitle "playchess.com"]
[Source "ChessBase"]
[SourceQuality "1"]
[TimeControl "40/5400+30:1800+30"]

1. Nf3 {[%emt 0:00:00]} b6 {[%emt 0:00:00]} 2. e4 {[%emt 0:00:00]} c5 {[%emt 0:00:00]} 3. c3 {[%emt 0:04:42]} Bb7 {[%emt 0:00:52]} 4. d3 {[%emt 0:00:23]} g6 {[%emt 0:01:19]} 5. g3 {[%emt 0:00:36]} Bg7 {[%emt 0:01:07]} 6. Bg2 {[%emt 0:00:24]} d6 {[%emt 0:01:14]} 7. O-O {[%emt 0:00:46]} e6 {[%emt 0:01:19]} 8. Nh4 {[%emt 0:03:33]} Bf6 {[%emt 0:05:48]} 9. Nf3 {[%emt 0:01:40]} h5 {[%emt 0:04:11]} 10. h4 {[%emt 0:00:56]} Qc7 {[%emt 0:03:05]} 11. Na3 {[%emt 0:01:32]} a6 {[%emt 0:05:15]} 12. Re1 {[%emt 0:01:09]} Nd7 {[%emt 0:03:21]} 13. d4 {[%emt 0:01:00]} O-O-O {[%emt 0:03:32]} 14. Qe2 {[%emt 0:03:36]} e5 {[%emt 0:08:21]} 15. dxe5 {[%emt 0:06:33]} dxe5 {[%emt 0:00:39]} 16. Bg5 {[%emt 0:01:14]} b5 {[%emt 0:02:07]} 17. b4 {[%emt 0:03:21]} c4 {[%emt 0:01:45]} 18. Rad1 {[%emt 0:03:21]} Nf8 {[%emt 0:15:13]} 19. Nc2 {[%emt 0:06:55]} Bxg5 {[%emt 0:06:21]} 20. hxg5 {[%emt 0:01:38]} Ne7 {[%emt 0:09:27]} 21. Rxd8+ {[%emt 0:01:28]} Kxd8 {[%emt 0:00:07]} 22. a4 {[%emt 0:00:33]} Nc8 {[%emt 0:03:26]} 23. axb5 {[%emt 0:02:54]} axb5 {[%emt 0:00:02]} 24. Qe3 {[%emt 0:00:50]} Ne6 {[%emt 0:00:49]} 25. Ra1 {[%emt 0:02:57]} Ke7 {[%emt 0:02:46]} 26. Ra5 {[%emt 0:05:33]} Bc6 {[%emt 0:00:13]} 27. Na3 {[%emt 0:00:30]} Qb8 {[%emt 0:00:30]} 28. Bh3 {[%emt 0:00:48]} Rd8 {[%emt 0:02:03]} 29. Bxe6 {[%emt 0:02:00]} Kxe6 {[%emt 0:00:03]} 30. Ne1 {[%emt 0:01:01]} Rd7 {[%emt 0:09:08]} 31. Qf3 {[%emt 0:00:56]} Ra7 {[%emt 0:01:57]} 32. Qf6+ {[%emt 0:03:14]} Kd7 {[%emt 0:00:01]} 33. Nf3 {[%emt 0:00:23]} Qd6 {[%emt 0:06:59]} 34. Rxa7+ {[%emt 0:10:18]} Nxa7 {[%emt 0:00:02]} 35. Qxf7+ {[%emt 0:00:08]} Kc8 {[%emt 0:00:40]} 36. Qxa7 {[%emt 0:00:39]} Bxe4 {[%emt 0:00:09]} 37. Qe3 {[%emt 0:00:32]} Bc6 {[%emt 0:01:35]} 38. Nc2 {[%emt 0:00:42]} Qd3 {[%emt 0:00:39]} 39. Nce1 {[%emt 0:00:22]} Qd1 {[%emt 0:00:25]} 40. Nxe5 {[%emt 0:00:59]} Bb7 {[%emt 0:00:49]} 41. Nxg6 {[%emt 0:30:57]} 1-0

[Event "Lichtenrader Herbst 2019"]
[Site "Berlin"]
[Date "2019.10.18"]
[Round "7.7"]
[White "Postler, Reinhard"]
[Black "Pixa, Richard"]
[Result "1/2-1/2"]
[WhiteElo "2240"]
[BlackElo "2075"]
[Annotator "NA"]
[PlyCount "47"]
[EventDate "2019.10.12"]
[EventType "swiss"]
[EventCountry "GER"]
[SourceTitle "playchess.com"]
[Source "ChessBase"]
[SourceQuality "1"]
[TimeControl "40/5400+30:1800+30"]

1. e4 {[%emt 0:00:00]} e6 {[%emt 0:00:00]} 2. d4 {[%emt 0:00:00]} d5 {[%emt 0:00:00]} 3. exd5 {[%emt 0:00:02]} exd5 {[%emt 0:00:00]} 4. c4 {[%emt 0:00:05]} Nf6 {[%emt 0:00:50]} 5. Nc3 {[%emt 0:00:08]} Be7 {[%emt 0:02:09]} 6. Bd3 {[%emt 0:00:09]} dxc4 {[%emt 0:02:15]} 7. Bxc4 {[%emt 0:01:01]} O-O {[%emt 0:03:48]} 8. Nge2 {[%emt 0:00:30]} Nbd7 {[%emt 0:05:50]} 9. O-O {[%emt 0:00:25]} Nb6 {[%emt 0:00:40]} 10. Bb3 {[%emt 0:00:06]} Nbd5 {[%emt 0:14:56]} 11. Bg5 {[%emt 0:10:26]} Bg4 {[%emt 0:10:35]} 12. Nxd5 {[%emt 0:20:35]} Nxd5 {[%emt 0:03:13]} 13. Bxe7 {[%emt 0:00:12]} Qxe7 {[%emt 0:14:44]} 14. Bxd5 {[%emt 0:00:14]} Bxe2 {[%emt 0:01:32]} 15. Re1 {[%emt 0:00:13]} Qd6 {[%emt 0:03:54]} 16. Bxf7+ {[%emt 0:00:40]} Rxf7 {[%emt 0:00:06]} 17. Rxe2 {[%emt 0:00:12]} Rd8 {[%emt 0:00:22]} 18. g3 {[%emt 0:04:14]} c5 {[%emt 0:04:31]} 19. d5 {[%emt 0:08:31]} Qxd5 {[%emt 0:01:25]} 20. Qxd5 {[%emt 0:02:13]} Rxd5 {[%emt 0:00:05]} 21. f4 {[%emt 0:00:10]} Rfd7 {[%emt 0:01:05]} 22. Kf2 {[%emt 0:00:09]} Kf7 {[%emt 0:01:29]} 23. Rc1 {[%emt 0:00:12]} b6 {[%emt 0:00:43]} 24. Rc4 {[%emt 0:02:02]} 1/2-1/2

[Event "Lichtenrader Herbst 2019"]
[Site "Berlin"]
[Date "2019.10.18"]
[Round "7.8"]
[White "Daverkausen, Bernd"]
[Black "Rettore, Ludwig"]
[Result "0-1"]
[WhiteElo "2122"]
[BlackElo "2068"]
[Annotator "NA"]
[PlyCount "60"]
[EventDate "2019.10.12"]
[EventType "swiss"]
[EventCountry "GER"]
[SourceTitle "playchess.com"]
[Source "ChessBase"]
[SourceQuality "1"]
[TimeControl "40/5400+30:1800+30"]

1. c4 {[%emt 0:00:00]} f5 {[%emt 0:00:00]} 2. g3 {[%emt 0:00:00]} Nf6 {[%emt 0:00:29]} 3. Bg2 {[%emt 0:00:12]} g6 {[%emt 0:08:19]} 4. d4 {[%emt 0:04:41]} Bg7 {[%emt 0:00:15]} 5. Nc3 {[%emt 0:01:24]} O-O {[%emt 0:00:52]} 6. Nh3 {[%emt 0:01:55]} d6 {[%emt 0:08:10]} 7. d5 {[%emt 0:00:29]} e5 {[%emt 0:00:28]} 8. dxe6 {[%emt 0:00:33]} Bxe6 {[%emt 0:07:55]} 9. Qb3 {[%emt 0:10:03]} Nbd7 {[%emt 0:15:46]} 10. Qxb7 {[%emt 0:03:35]} Rb8 {[%emt 0:07:36]} 11. Qxa7 {[%emt 0:00:11]} Bxc4 {[%emt 0:04:56]} 12. Qa4 {[%emt 0:01:03]} Nb6 {[%emt 0:00:47]} 13. Qc2 {[%emt 0:00:13]} d5 {[%emt 0:06:13]} 14. Nf4 {[%emt 0:05:59]} d4 {[%emt 0:00:58]} 15. Na4 {[%emt 0:09:12]} d3 {[%emt 0:05:33]} 16. exd3 {[%emt 0:03:05]} Re8+ {[%emt 0:02:20]} 17. Be3 {[%emt 0:00:42]} Bf7 {[%emt 0:04:48]} 18. Nxb6 {[%emt 0:04:13]} Rxb6 {[%emt 0:00:46]} 19. O-O {[%emt 0:00:12]} Rxe3 {[%emt 0:05:00]} 20. fxe3 {[%emt 0:00:17]} Ng4 {[%emt 0:00:08]} 21. Qa4 {[%emt 0:12:33]} Nxe3 {[%emt 0:01:38]} 22. Rfe1 {[%emt 0:07:30]} Nxg2 {[%emt 0:01:24]} 23. Nxg2 {[%emt 0:09:52]} Bd4+ {[%emt 0:02:25]} 24. Ne3 {[%emt 0:03:42]} Re6 {[%emt 0:01:13]} 25. Kf2 {[%emt 0:02:22]} f4 {[%emt 0:00:45]} 26. gxf4 {[%emt 0:01:09]} Qh4+ {[%emt 0:00:28]} 27. Kg2 {[%emt 0:02:43]} Bxe3 {[%emt 0:00:33]} 28. Qa8+ {[%emt 0:01:46]} Kg7 {[%emt 0:01:43]} 29. Qf3 {[%emt 0:00:44]} Bxf4 {[%emt 0:00:18]} 30. Rxe6 {[%emt 0:00:48]} Qxh2+ {[%emt 0:00:29]} 0-1

[Event "Lichtenrader Herbst 2019"]
[Site "Berlin"]
[Date "2019.10.19"]
[Round "8.1"]
[White "Matthes, Aaron"]
[Black "Noetzel, Felix"]
[Result "1-0"]
[WhiteElo "1995"]
[BlackElo "2233"]
[Annotator "NA"]
[PlyCount "79"]
[EventDate "2019.10.12"]
[EventType "swiss"]
[EventCountry "GER"]
[SourceTitle "playchess.com"]
[Source "ChessBase"]
[SourceQuality "1"]
[TimeControl "40/5400+30:1800+30"]

1. c4 {[%emt 0:00:00]} e5 {[%emt 0:00:05]} 2. g3 {[%emt 0:00:00]} Nf6 {[%emt 0:00:14]} 3. Bg2 {[%emt 0:00:00]} d5 {[%emt 0:00:33]} 4. cxd5 {[%emt 0:00:00]} Nxd5 {[%emt 0:00:05]} 5. Nc3 {[%emt 0:00:00]} Nb6 {[%emt 0:00:35]} 6. Nf3 {[%emt 0:00:00]} Nc6 {[%emt 0:00:28]} 7. O-O {[%emt 0:00:11]} Be7 {[%emt 0:00:11]} 8. Rb1 {[%emt 0:00:04]} a5 {[%emt 0:07:07]} 9. d3 {[%emt 0:01:05]} Be6 {[%emt 0:03:06]} 10. Be3 {[%emt 0:00:56]} O-O {[%emt 0:09:16]} 11. Rc1 {[%emt 0:02:56]} f6 {[%emt 0:07:55]} 12. a3 {[%emt 0:07:28]} Qd7 {[%emt 0:13:11]} 13. Na4 {[%emt 0:06:34]} Nxa4 {[%emt 0:01:31]} 14. Qxa4 {[%emt 0:01:22]} Rfd8 {[%emt 0:02:14]} 15. Qb5 {[%emt 0:07:02]} Nd4 {[%emt 0:06:19]} 16. Nxd4 {[%emt 0:00:10]} exd4 {[%emt 0:00:05]} 17. Qxd7 {[%emt 0:00:07]} Rxd7 {[%emt 0:00:27]} 18. Bd2 {[%emt 0:11:14]} c5 {[%emt 0:06:45]} 19. e3 {[%emt 0:11:15]} a4 {[%emt 0:12:49]} 20. Rfe1 {[%emt 0:06:11]} Kf7 {[%emt 0:01:06]} 21. exd4 {[%emt 0:04:17]} cxd4 {[%emt 0:00:32]} 22. Bf4 {[%emt 0:09:25]} g5 {[%emt 0:04:11]} 23. Bc7 {[%emt 0:00:59]} Rc8 {[%emt 0:06:03]} 24. Bb6 {[%emt 0:01:54]} Rxc1 {[%emt 0:00:05]} 25. Rxc1 {[%emt 0:00:03]} Bf5 {[%emt 0:10:36]} 26. Rc4 {[%emt 0:05:19]} Bd8 {[%emt 0:05:29]} 27. Bxd8 {[%emt 0:05:32]} Rxd8 {[%emt 0:00:00]} 28. Bf1 {[%emt 0:02:18]} b5 {[%emt 0:00:27]} 29. Rc5 {[%emt 0:01:40]} Bd7 {[%emt 0:01:07]} 30. Rd5 {[%emt 0:00:54]} Ke6 {[%emt 0:00:36]} 31. Rxd4 {[%emt 0:00:03]} Rc8 {[%emt 0:00:11]} 32. Rxd7 {[%emt 0:00:34]} Kxd7 {[%emt 0:00:05]} 33. Bh3+ {[%emt 0:00:03]} Kc7 {[%emt 0:00:23]} 34. Bxc8 {[%emt 0:00:05]} Kxc8 {[%emt 0:00:02]} 35. Kg2 {[%emt 0:01:57]} g4 {[%emt 0:00:30]} 36. f3 {[%emt 0:00:15]} f5 {[%emt 0:00:26]} 37. fxg4 {[%emt 0:00:22]} fxg4 {[%emt 0:00:01]} 38. Kf2 {[%emt 0:00:27]} Kd7 {[%emt 0:00:48]} 39. Ke3 {[%emt 0:00:09]} Kd6 {[%emt 0:00:15]} 40. Ke4 {[%emt 0:01:47] Kd5+} 1-0

[Event "Lichtenrader Herbst 2019"]
[Site "Berlin"]
[Date "2019.10.19"]
[Round "8.2"]
[White "Rettore, Ludwig"]
[Black "Starostits, Ilmars"]
[Result "0-1"]
[WhiteElo "2068"]
[BlackElo "2479"]
[Annotator "ChessBase"]
[PlyCount "50"]
[EventDate "2019.10.12"]
[EventType "swiss"]
[EventCountry "GER"]
[SourceTitle "playchess.com"]
[Source "ChessBase"]
[SourceQuality "1"]
[TimeControl "40/5400+30:1800+30"]

1. e4 {[%emt 0:00:00]} c6 {[%emt 0:00:00]} 2. d4 {[%emt 0:00:00]} d5 {[%emt 0:00:00]} 3. Nd2 {[%emt 0:00:04]} dxe4 {[%emt 0:00:00]} 4. Nxe4 {[%emt 0:00:12]} Bf5 {[%emt 0:00:01]} 5. Ng3 {[%emt 0:00:15]} Bg6 {[%emt 0:00:04]} 6. h4 {[%emt 0:00:10]} h6 {[%emt 0:00:04]} 7. Nf3 {[%emt 0:00:10]} Nd7 {[%emt 0:00:03]} 8. h5 {[%emt 0:00:12]} Bh7 {[%emt 0:00:03]} 9. Bd3 {[%emt 0:00:18]} Bxd3 {[%emt 0:00:03]} 10. Qxd3 {[%emt 0:00:13]} e6 {[%emt 0:00:03]} 11. Bd2 {[%emt 0:01:08]} Bd6 {[%emt 0:00:13]} 12. Ne4 {[%emt 0:02:11]} Bc7 {[%emt 0:00:06]} 13. O-O-O {[%emt 0:01:37]} Ngf6 {[%emt 0:00:03]} 14. Kb1 {[%emt 0:04:43]} Nxe4 {[%emt 0:00:12]} 15. Qxe4 {[%emt 0:00:11]} Nf6 {[%emt 0:00:04]} 16. Qe2 {[%emt 0:00:43]} Qd5 {[%emt 0:00:05]} 17. Ka1 {[%emt 0:23:46]} Rd8 {[%emt 0:05:38]} 18. c4 {[%emt 0:08:03]} Qe4 {[%emt 0:00:06]} 19. Be3 {[%emt 0:02:32]} Qf5 {[%emt 0:02:15]} 20. d5 {[%emt 0:09:07]} cxd5 {[%emt 0:08:27]} 21. cxd5 {[%emt 0:07:46]} O-O {[%emt 0:09:01]} 22. dxe6 {[%emt 0:01:28]} Qxe6 {[%emt 0:01:00]} 23. Nd4 {[%emt 0:05:26]} Qe4 {[%emt 0:01:47]} 24. f3 {[%emt 0:10:28]} Qe5 {[%emt 0:00:11]} 25. Bf2 {[%emt 0:04:08]} Rxd4 {[%emt 0:00:25]} 0-1

[Event "Lichtenrader Herbst 2019"]
[Site "Berlin"]
[Date "2019.10.19"]
[Round "8.3"]
[White "Kovalev, Andrei"]
[Black "Schnabel, Ralf"]
[Result "1-0"]
[WhiteElo "2511"]
[BlackElo "2235"]
[Annotator "ChessBase"]
[PlyCount "69"]
[EventDate "2019.10.12"]
[EventType "swiss"]
[EventCountry "GER"]
[SourceTitle "playchess.com"]
[Source "ChessBase"]
[SourceQuality "1"]
[TimeControl "40/5400+30:1800+30"]

1. e4 {[%emt 0:00:00]} c6 {[%emt 0:01:40]} 2. d4 {[%emt 0:00:23]} d5 {[%emt 0:00:07]} 3. e5 {[%emt 0:00:08]} c5 {[%emt 0:00:05]} 4. dxc5 {[%emt 0:00:15]} e6 {[%emt 0:00:05]} 5. a3 {[%emt 0:05:50]} Nc6 {[%emt 0:04:31]} 6. Nf3 {[%emt 0:01:13]} Bxc5 {[%emt 0:00:09]} 7. b4 {[%emt 0:00:46]} Bb6 {[%emt 0:02:35]} 8. Bb2 {[%emt 0:02:29]} Nge7 {[%emt 0:02:30]} 9. Bd3 {[%emt 0:00:53]} Ng6 {[%emt 0:04:06]} 10. O-O {[%emt 0:03:25]} Nf4 {[%emt 0:04:45]} 11. Re1 {[%emt 0:01:17]} Nxd3 {[%emt 0:00:07]} 12. Qxd3 {[%emt 0:00:33]} O-O {[%emt 0:01:08]} 13. Nbd2 {[%emt 0:00:14]} Ne7 {[%emt 0:01:53]} 14. a4 {[%emt 0:09:44]} a6 {[%emt 0:13:44]} 15. Nb3 {[%emt 0:05:16]} Bd7 {[%emt 0:05:19]} 16. Bd4 {[%emt 0:00:23]} Bxd4 {[%emt 0:15:41]} 17. Nfxd4 {[%emt 0:01:07]} Rc8 {[%emt 0:01:12]} 18. Nc5 {[%emt 0:02:01]} Rc7 {[%emt 0:00:34]} 19. a5 {[%emt 0:02:57]} Nc6 {[%emt 0:03:25]} 20. Nxc6 {[%emt 0:11:44]} Bxc6 {[%emt 0:00:22]} 21. Qd4 {[%emt 0:00:03]} Bd7 {[%emt 0:03:01]} 22. Rad1 {[%emt 0:04:50]} Qe7 {[%emt 0:02:02]} 23. Rd3 {[%emt 0:07:03]} Rfc8 {[%emt 0:06:47]} 24. Rc3 {[%emt 0:01:40]} Bb5 {[%emt 0:01:10]} 25. h4 {[%emt 0:00:41]} Bc4 {[%emt 0:00:49]} 26. Rb1 {[%emt 0:06:58]} h6 {[%emt 0:01:45]} 27. Rg3 {[%emt 0:00:52]} Bb5 {[%emt 0:04:23]} 28. Qg4 {[%emt 0:07:07]} Qf8 {[%emt 0:00:09]} 29. Qf4 {[%emt 0:01:04]} Kh8 {[%emt 0:01:12]} 30. Rbb3 {[%emt 0:01:23]} Be2 {[%emt 0:08:41]} 31. Rbc3 {[%emt 0:06:26]} Bh5 {[%emt 0:00:40]} 32. Nxe6 {[%emt 0:00:50]} Rxc3 {[%emt 0:01:31]} 33. Nxf8 {[%emt 0:00:09]} Rxg3 {[%emt 0:02:31]} 34. Qxg3 {[%emt 0:03:30]} Rxf8 {[%emt 0:00:12]} 35. Qc3 {[%emt 0:01:40]} 1-0

[Event "Lichtenrader Herbst 2019"]
[Site "Berlin"]
[Date "2019.10.19"]
[Round "8.4"]
[White "Shishkin, Vadim"]
[Black "Krefenstein, Sergej"]
[Result "1-0"]
[WhiteElo "2428"]
[BlackElo "2139"]
[Annotator "TA"]
[PlyCount "49"]
[EventDate "2019.10.12"]
[EventType "swiss"]
[EventCountry "GER"]
[SourceTitle "playchess.com"]
[Source "ChessBase"]
[SourceQuality "1"]

{[%evp 20,49,39,51,40,45,40,50,110,110,111,115,117,110,110,101,112,84,160,160,223,232,485,470,583,595,584,577,545,536,29996,29997]} 1. d4 Nf6 2. c4 e6 3. Nc3 Bb4 4. Nf3 O-O 5. Bg5 h6 6. Bh4 d5 7. e3 Nbd7 8. cxd5 exd5 9. Bd3 Re8 10. O-O c6 11. Qc2 Bd6 {D38: Queen's Gambit Declined: Ragozin Defence (4 Nf3 Bb4)} (11... Be7 12. Nd2 Nh5 13. Bxe7 Qxe7 14. Rab1 a5 15. a3 Nhf6 16. b4 axb4 17. axb4 b5 18. e4 dxe4 19. Ncxe4 Nxe4 20. Bxe4 {1-0 (74) Karjakin,S (2774)-Mamedyarov,S (2746) Almaty 2016}) 12. Rae1 Be7 13. Bg3 Nh5 $146 {[#]} ({Black should try} 13... Bb4 $14) ({Predecessor:} 13... Nf8 14. h3 Bd6 15. Ne5 Be6 16. f4 Bc8 17. a3 Qb6 18. Rc1 {1-0 (43) Schmidt,H (2288)-Dolezal,P (2086) ICCF email 2015}) 14. Nxd5 $1 $16 Nxg3 15. Nxe7+ Qxe7 16. hxg3 Nf6 17. Ne5 Be6 18. f4 Rad8 {[#]} ({Better is} 18... Qd8) 19. f5 $1 {[%cal Rf5e6]} Bc8 (19... Bd5 $16 {keeps fighting.}) 20. Bc4 $18 Nd5 $2 (20... Rf8 21. Ng6 Qd6 22. Nxf8 Rxf8) 21. e4 Nb4 22. Qb3 {[%cal Rc4f7]} Rf8 23. Bxf7+ Rxf7 24. Nxf7 ({Weaker is} 24. Qxf7+ Qxf7 25. Nxf7 Kxf7 $15) 24... Rxd4 25. Nxh6+ {[%mdl 64] Discovered Attack (Double check). Accuracy: White = 69%, Black = 31%.} 1-0